Greatest RPG Video Games - Statistics

General Stats
  • This quiz has been taken 321 times
  • The average score is 8 of 15
Answer Stats
Hint Answer % Correct
play the role of a vault dweller in a post-nuclear america Fallout
95%
by the gods... you are... dragonborn Elder Scrolls V Skyrim
86%
MMORPG by Blizzard that kiled the competition World of warcraft
75%
Classic JRPG series set in fantasy and steampunk-inspired Anime-like worlds Final Fantasy
73%
Play as commander Shepard and fight the reapers who threaten the human race Mass Effect
69%
Geralt of Rivia has one sword for monsters and one for humans The witcher
69%
Incredibly challenging dark fantasy rpg set in a dying world Dark souls
60%
Time-travelling classic JRPG Chrono Trigger
49%
Keep the lords of hell from taking over sanctuary Diablo
48%
RPG based on Nintendo's flagship character Super mario RPG: Legend of the seven stars
40%
Cell-shaded FPS RPG set on a planet called Pandora Borderlands
38%
early isometric RPG based on the dungeons and dradons formula Baldur's gate
37%
Popular RPG based on the popular sci-fi movie series' established lore Star wars: Knights of the old republic
30%
cyberpunk-inspired first person RPG known for its freedom of choice Deus ex
24%
Indie turn-based RPG about a viking clan The Banner Saga
11%
No matching quizzes found
Score Distribution
Percent of People with Each Score
Percentile by Number Answered
Your Score History
You have not taken this quiz